Criteria of external sustainability.
Hodnotenie vonkajšej nerovnováhy, t.j. stanovenie, či súčasný vývoj vonkajšej nerovnováhy môže pokračovať donekonečna za podmienok rovnakého vývoja ekonomickej politiky. Problematika ďalšej "udržateľnosti" vonkajšej nerovnováhy. Vysoká platobná nerovnováha USA, SRN a Japonska a vysoká zadlženosť roz...
Uložené v:
| Hlavný autor: | |
|---|---|
| Médium: | Kapitola |
| Jazyk: | English |
| Predmet: | |
| Tagy: |
Žiadne tagy, Buďte prvý, kto otaguje tento záznam!
|
MARC
| LEADER | 00000naa a2200000 4500 | ||
|---|---|---|---|
| 001 | r007487 | ||
| 005 | 20221130103100.0 | ||
| 041 | 0 | |a eng | |
| 044 | |a NL | ||
| 245 | 1 | 0 | |a Criteria of external sustainability. |c J. Horne |
| 520 | |a Hodnotenie vonkajšej nerovnováhy, t.j. stanovenie, či súčasný vývoj vonkajšej nerovnováhy môže pokračovať donekonečna za podmienok rovnakého vývoja ekonomickej politiky. Problematika ďalšej "udržateľnosti" vonkajšej nerovnováhy. Vysoká platobná nerovnováha USA, SRN a Japonska a vysoká zadlženosť rozvojových krajín. Prognóza nerovnováhy bežných účtov. | ||
| 610 | 2 | 0 | |a nerovnováha hospodárska |
| 610 | 2 | 0 | |a politika hospodárska |
| 610 | 2 | 0 | |a solventnosť |
| 610 | 2 | 0 | |a Nemecko |
| 610 | 2 | 0 | |a USA |
| 610 | 2 | 0 | |a Japonsko |
| 610 | 2 | 0 | |a zadlženosť zahraničná |
| 610 | 2 | 0 | |a účty bežné |
| 610 | 2 | 0 | |a krajiny rozvojové |
| 100 | 1 | |a Horne, John | |